| Поле | Инд. | ПП | Название | Значение |
|---|---|---|---|---|
| Тип записи | a | |||
| Библиографический уровень | m | |||
| 001 | Контрольный номер | UNIDUBNAa5ef85e145284b6a984067a7f4d172ba | ||
| 005 | Дата корректировки | 20260417100054.7 | ||
| 008 | Кодируемые данные | 20081223 | ||
| 020 | 00 | a | ISBN | 0-14-002765-8 |
| 040 | 00 | e | Правила каталог. | Л 960514 |
| b | Код языка каталог. | rus | ||
| 041 | 0_ | a | Код языка текста | eng |
| 084 | a | Индекс другой классификации/Индекс ББК | 88.1(7США)6-736; 88.53; 88.532; 88.576; 88.50; 88.944.1 | |
| 090 | 00 | a | Полочн. индекс | 88.1(7США)6-736 |
| x | Авторский знак | B 49 | ||
| 097 | 00 | a | 240 | |
| 100 | 10 | a | Автор | Berne E. |
| q | Полное имя | Berne Eric | ||
| u | Дополнение к имени | Берн Э. | ||
| 245 | 00 | a | Заглавие | Games People Play. The Psychology of Human Relationships |
| 246 | 01 | a | Другая форма заглавия | Игры, в которые играют люди: Психология человеческих отношений |
| 260 | 00 | a | Место издания | London |
| b | Издательство | Penguin Books | ||
| c | Дата издания | 1977 | ||
| 300 | 00 | a | Объем | 176 с. |
| 336 | a | Термин вида содержания | Текст | |
| 337 | a | Термин типа средства | непосредственный | |
| 650 | 04 | a | Основная рубрика | история психологии |
| a | Основная рубрика | психология | ||
| 653 | 00 | a | Ключевые слова | XX век |
| a | Ключевые слова | взаимовлияния людей | ||
| a | Ключевые слова | времяпрепровождение | ||
| a | Ключевые слова | дети | ||
| a | Ключевые слова | медицинская психология | ||
| a | Ключевые слова | межличностные отношения | ||
| a | Ключевые слова | общение | ||
| a | Ключевые слова | поведение | ||
| a | Ключевые слова | психика | ||
| a | Ключевые слова | психотерапия | ||
| a | Ключевые слова | ритуалы | ||
| a | Ключевые слова | родительское отношение | ||
| a | Ключевые слова | ролевые игры | ||
| a | Ключевые слова | сексуальные игры | ||
| a | Ключевые слова | семья | ||
| a | Ключевые слова | социально-психологические проблемы | ||
| a | Ключевые слова | структура личности | ||
| a | Ключевые слова | структуризация | ||
| a | Ключевые слова | сценарная теория | ||
| a | Ключевые слова | сценарный анализ | ||
| a | Ключевые слова | США | ||
| a | Ключевые слова | трансактный анализ | ||
| a | Ключевые слова | трансакции | ||
| 787 | 18 | w | Контрольный номер связываемой записи | RU/IS/BASE/311092334 |
| w | Контрольный номер связываемой записи | DU/536077901 | ||
| 900 | a | Имя электронного ресурса | obl_Berne_Games | |
| x | Справочная информация | Обложка | ||
| 901 | t | Тип документа | m | |
| 952 | a | Тип литературы для КСУ ВШ | НАУ |